000
00318nam a2200133Ia 4500
008
191206s9999 xx 000 0 und d
020
_a
1779220022
090
_a
MLCS00725
245
0
_a
stone virgins
260
_a
Weaver Press
260
_c
c2002
300
_a
"viii, 165 p. : ill. ; 21 cm."
999
_c
16965
_d
16965